LEADER 02979nam 22005053a 450 001 9910346838803321 005 20250203235431.0 010 $a9783038975595 010 $a3038975591 024 8 $a10.3390/books978-3-03897-559-5 035 $a(CKB)4920000000095252 035 $a(oapen)https://directory.doabooks.org/handle/20.500.12854/53245 035 $a(ScCtBLL)7af4322d-2e93-4fca-8d6c-9e9284e69bd1 035 $a(OCoLC)1163815367 035 $a(oapen)doab53245 035 $a(EXLCZ)994920000000095252 100 $a20250203i20192019 uu 101 0 $aeng 135 $aurmn|---annan 181 $ctxt$2rdacontent 182 $cc$2rdamedia 183 $acr$2rdacarrier 200 00$aMetal Halide Perovskite Crystals : $eGrowth Techniques, Properties and Emerging Applications /$fWei Zhang 210 $cMDPI - Multidisciplinary Digital Publishing Institute$d2019 210 1$aBasel, Switzerland :$cMDPI,$d2019. 215 $a1 electronic resource (216 p.) 311 08$a9783038975588 311 08$a3038975583 330 $aIn recent years, metal halide perovskites have emerged as a rising star among semiconductor materials owing to their low cost, solution processability, and fascinating combination of material properties enabling a broad range of energy applications. Accompanied by the unprecedented success in the photovoltaic community, which has witnessed a certified power conversion efficiency of 23.7%, rapid advancement has also been achieved in the areas of light-emitting diodes, lasers, photodetectors, and solar-to-fuel energy conversion devices. Beyond the dominant format of polycrystalline perovskite thin films for solar cell applications, recent progress in metal halide perovskite crystals, ranging from nanocrystals to macroscopic single-crystals, has spurred a great deal of both scientific and industrial interest. Great research efforts have endeavored to develop new techniques for crystal growth and investigate the physical and chemical properties of the materials and explore their emerging applications. These exciting achievements call for a rationalization of the different forms of perovskite semiconductors beyond the widely used polycrystalline thin films. In the current Special Issue, "Metal Halide Perovskite Crystals: Growth Techniques, Properties and Emerging Applications", we aim to provide a forum for the discussion and presentation of recent advances in the fields of research related to metal halide perovskite crystals. 606 $aChemistry$2bicssc 610 $alasers 610 $acrystals 610 $ametal halide perovskites 610 $aoptoelectronic devices 610 $alight-emitting diodes 610 $asemiconductors 610 $aphotovoltaics 615 7$aChemistry 700 $aZhang$b Wei$0265725 801 0$bScCtBLL 801 1$bScCtBLL 906 $aBOOK 912 $a9910346838803321 996 $aMetal Halide Perovskite Crystals$94322971 997 $aUNINA